Elementos de la música: la melodía. - Estadísticas

Estadísticas generales
  • Esta prueba ha sido intentada 130 veces
  • La puntuación promedio es 14 de 19
Estadísticas de respuestas
Pregunta Respuesta % Correcto
La escala es La ordenación de los sonidos en alturas, en sentido ascendente o descendente, desde un sonido fundamental
100%
Para escribir notas que no caben en el pentagrama por ser demasiado agudas o graves. Lineas adicionales.
100%
El signo que se coloca al principio del pentagrama para indicar el nombre que van a recibir las notas es: Clave
95%
Los intervalos pueden ser clasificados como: Ascendente, descendente, melódico, armónico, conjuntos y disconjuntos.
90%
¿Qué alteración sirve para bajar medio tono la nota que le acompaña? Bemol
90%
¿Qué es en música un intervalo? La distancia entre dos notas.
90%
La melodía es: La sucesión lineal de alturas de sonido que expresa una idea musical
90%
¿Cuáles son las claves más habituales, que son las que se usan en las partituras de piano? Sol en 2 línea y Fa en 4 linea
90%
El primer grado de escala (I) recibe el nombre de: Tónica
90%
Los grados más importantes de la escala son: Tónica, Subdominante y Dominante.
85%
¿Qué claves podemos escribir al principio del pentagrama? De Sol, de Fa y de Do
80%
La armadura sirve. Para no tener que escribir constantemente las mismas alteraciones durante toda la obra.
80%
De Do a Mi (ascendente) hay un intervalo de: Dos tonos.
70%
De Do a Sol (ascendente) hay un intervalo de: Quinta
60%
De Sol a Do’ (ascendente) hay: Dos tonos y un semitono.
55%
De Do a Mi bemol (ascendente) hay un intervalo de: Un tono y un semitono.
50%
De Si a Re (descendente) hay un intervalo de: Sexta
45%
De Sol a Mi (descendente) hay un intervalo de: Tercera
45%
De Re a Si (ascendente) hay un intervalo de: Cuatro tonos y un semitono.
35%
No se encontraron pruebas coincidentes
Distribución de puntuación
Porcentaje de gente con cada puntuación
Porcentaje por número respondido
Historial de tus puntuaciones
No has intentado esta prueba.